000 01297nam a2200337 i 4500
001 67623
003 ES-MaACL
005 20250730063111.0
007 t|
008 040608s1999 sp af |||| | spa d
020 _a84-86407-50-8
080 _a394:248.153.8(460.111 Santiago)(091)
080 _a726.033.5
080 _a914.4+914.60 Camino de Santiago
100 1 _aYáñez Neira, Damián,
_d1916-2015
_eaut
_9117572
245 1 4 _aLas peregrinaciones jacobeas en los monasterios cistercienses /
_cFray Damián Yáñez Neira
260 _aSantiago [de Compostela] :
_bFollas Novas ;
_a[Zamora] :
_bMonte Casino,
_c1999
300 _a350 páginas, [24] hojas de láminas ;
_c18 cm
490 1 _aEl Camino de Santiago ;
_v9
504 _aBibliografía: páginas 343-345
594 _5Tít. de cub.: El Camino de Santiago y los monasterios
650 4 _aPeregrinaciones cristianas-
_zSantiago de Compostela.
_915937
650 1 7 _aMonasterios cistercienses-
_zGalicia
_9173140
651 4 _aCamino de Santiago-
_xDescripción
_97931
740 3 2 _aEl Camino de Santiago y los monasterios
830 3 _aEl Camino de Santiago ;
_v9
_9183002
852 _aES-MaACL
_cDEPO2
_jL-27938
942 _2udc
_cMONOGRAFIA
_n0
999 _c67623
_d67623